[Event "Unterfranken-ch HA 62th"]
[Site "Gerolzhofen"]
[Date "2011.04.26"]
[Round "3"]
[White "Feichtner, Kai Stephan"]
[Black "Unkelbach, Manfred"]
[Result "1/2-1/2"]
[WhiteElo "1695"]
[BlackElo "1809"]
[PlyCount "44"]
[EventDate "2011.04.25"]
[EventType "swiss"]
[EventRounds "9"]
[EventCountry "GER"]
[SourceTitle "EXT 2015"]
[Source "ChessBase"]
[SourceDate "2014.11.20"]
[SourceVersion "1"]
[SourceVersionDate "2014.11.20"]
[SourceQuality "1"]

1. e4 c6 2. d4 d5 3. Nc3 dxe4 4. Nxe4 Bf5 5. Ng3 Bg6 6. h4 h6 7. Nf3 Nd7 8. Bf4 Ngf6 9. Bd3 Bxd3 10. Qxd3 e6 11. 0-0 Be7 12. c3 Nd5 13. Qd2 0-0 14. Bxh6 Bxh4 15. Bg5 Bxg5 16. Qxg5 Qxg5 17. Nxg5 N7b6 18. f4 g6 19. N3e4 Nd7 20. g3 N7f6 21. Nxf6+ Nxf6 22. Kg2 Kg7 1/2-1/2

[Event "Unterfranken-ch HA 57th"]
[Site "Prichsenstadt"]
[Date "2006.04.18"]
[Round "2"]
[White "Feichtner, Kai Stephan"]
[Black "Dressler, Matthias"]
[Result "1/2-1/2"]
[WhiteElo "1618"]
[BlackElo "1610"]
[PlyCount "90"]
[EventDate "2006.04.17"]
[EventType "swiss"]
[EventRounds "9"]
[EventCountry "GER"]
[SourceTitle "EXT 2015"]
[Source "ChessBase"]
[SourceDate "2014.11.20"]
[SourceVersion "1"]
[SourceVersionDate "2014.11.20"]
[SourceQuality "1"]

1. e4 d5 2. exd5 Qxd5 3. Nc3 Qa5 4. Nf3 Nf6 5. g3 Bg4 6. Bg2 e6 7. d3 c6 8. 0-0 Nbd7 9. Re1 Bb4 10. Bd2 0-0 11. a3 Bxc3 12. Bxc3 Qd8 13. Qd2 Nd5 14. Ne5 Nxc3 15. Nxg4 Nd5 16. Ne5 Nxe5 17. Rxe5 Nf6 18. Qb4 Rb8 19. Rae1 Re8 20. Qc4 Qb6 21. b4 Rbd8 22. c3 Rd6 23. a4 Qd8 24. d4 Nd5 25. a5 a6 26. Qb3 Nf6 27. Qc2 Nd7 28. R5e4 Nf6 29. Re5 Nd7 30. R5e3 Nf6 31. f4 Ng4 32. R3e2 Nf6 33. f5 exf5 34. Qxf5 Rxe2 35. Rxe2 Kf8 36. Qc5 Kg8 37. Qa7 Rd7 38. Bh3 Re7 39. Rxe7 Qxe7 40. Qb8+ Ne8 41. Kf2 Qf6+ 42. Kg2 Qe7 43. Qe5 Kf8 44. Kf3 Nd6 45. Qxe7+ Kxe7 1/2-1/2

[Event "Unterfranken-ch HA 57th"]
[Site "Prichsenstadt"]
[Date "2006.04.17"]
[Round "1"]
[White "Thiem, Simon"]
[Black "Feichtner, Kai Stephan"]
[Result "1/2-1/2"]
[WhiteElo "1424"]
[BlackElo "1618"]
[PlyCount "59"]
[EventDate "2006.04.17"]
[EventType "swiss"]
[EventRounds "9"]
[EventCountry "GER"]
[SourceTitle "EXT 2015"]
[Source "ChessBase"]
[SourceDate "2014.11.20"]
[SourceVersion "1"]
[SourceVersionDate "2014.11.20"]
[SourceQuality "1"]

1. d4 Nf6 2. Bf4 d5 3. e3 Bf5 4. Nf3 h6 5. Be2 e6 6. Nbd2 Bd6 7. Bg3 0-0 8. Ne5 Nc6 9. c3 Bxe5 10. dxe5 Nd7 11. f4 f6 12. exf6 Nxf6 13. Bh4 Qd6 14. g4 Be4 15. Rg1 Ne7 16. g5 hxg5 17. Bxg5 Nf5 18. Bxf6 Rxf6 19. Nxe4 dxe4 20. Qxd6 cxd6 21. Kf2 Rh6 22. Rg2 Kf7 23. Bg4 Rah8 24. h3 g6 25. Rd1 d5 26. c4 Rc8 27. Bxf5 exf5 28. Rxd5 Rxc4 29. Rd7+ Kf6 30. Rd6+ 1/2-1/2